[Event "Russia Cup GP 6"]
[Site "Krasnodar RUS"]
[Date "1997.03.17"]
[Round "07"]
[White "Nadanian,A"]
[Black "Minasian,Ara"]
[Result "1/2-1/2"]
[WhiteElo "2375"]
[BlackElo "2440"]

1. e4 c5 2. g3 Nc6 3. Bg2 g6 4. f4 Bg7 5. Nf3 d6 6. d3 e6 7. c3 Nge7 8. O-O
O-O 9. Be3 f5 10. exf5 Nxf5 11. Bf2 Nh6 12. d4 cxd4 13. Nxd4 Nxd4 14. Bxd4
e5 15. fxe5 Rxf1+ 16. Qxf1 dxe5 17. Bc5 Be6 18. Na3 Qc7 19. Be3 Ng4 20. Qe2
Bh6 21. Bxh6 Qc5+ 22. Kh1 Nf2+ 23. Kg1 Nh3+ 24. Kh1 Nf2+ 25. Kg1 Ng4+
1/2-1/2

[Event "Russia Cup GP 6"]
[Site "Krasnodar RUS"]
[Date "1997.03.17"]
[Round "07"]
[White "Ulibin,M"]
[Black "Daniliuk,S"]
[Result "0-1"]
[WhiteElo "2555"]
[BlackElo "2410"]

1. e4 e5 2. Nf3 Nc6 3. Bb5 a6 4. Ba4 Nf6 5. O-O Nxe4 6. d4 b5 7. Bb3 d5 8.
dxe5 Be6 9. Nbd2 Nc5 10. c3 Be7 11. Bc2 d4 12. Nb3 d3 13. Bb1 Nxb3 14. axb3
Bf5 15. Be3 O-O 16. Nd4 Nxd4 17. cxd4 c5 18. Bxd3 cxd4 19. Bxd4 Qxd4 20.
Bxf5 Qxb2 21. f4 Rfd8 22. Qf3 a5 23. Kh1 Bb4 24. Qh3 g6 25. Bd7 Qe2 26. e6
fxe6 27. Bxe6+ Kg7 28. f5 Rf8 29. Qg3 Ra7 30. Rf2 Qe4 31. Raf1 Be1 32. Rf4
Bxg3 33. Rxe4 Bd6 34. g4 a4 35. bxa4 bxa4 36. Rd1 gxf5 37. gxf5 Bb8 38.
Rd7+ Rxd7 39. Bxd7 a3 40. Ra4 Rd8 41. Be6 Rd1+ 42. Kg2 Rd2+ 43. Kf1 Bd6 44.
h4 h5 45. Ke1 Rb2 46. Kf1 Kf6 47. Re4 Bb4 48. Rf4 Bd2 49. Ra4 Bb4 50. Ra8
Ke5 51. Rh8 a2 52. Bxa2 Rxa2 53. Rxh5 Kf6 54. Rh6+ Kxf5 55. Rc6 Kg4 56. h5
Bd2 57. Ke2 Bf4+ 58. Kd3 Kxh5 59. Ke4 Kg4 60. Rg6+ Bg5 61. Re6 Rd2 62. Re5
Ra2 63. Re6 Ra4+ 64. Kd5 Kf4 65. Re2 Ra5+ 66. Ke6 Bh4 67. Kd6 Bg3 68. Ke6
Rh5 69. Rc2 Re5+ 0-1

[Event "Russia Cup GP 6"]
[Site "Krasnodar RUS"]
[Date "1997.03.17"]
[Round "07"]
[White "Yakovich,Y"]
[Black "Alavkin,A"]
[Result "1-0"]
[WhiteElo "2575"]
[BlackElo "2375"]

1. d4 d5 2. c4 c6 3. Nc3 Nf6 4. e3 a6 5. Bd3 b5 6. b3 Bg4 7. Nge2 e6 8. Qc2
Bh5 9. Nf4 Bg6 10. Nxg6 hxg6 11. Bd2 Be7 12. O-O bxc4 13. bxc4 dxc4 14.
Bxc4 c5 15. Qa4+ Kf8 16. Ne2 Ne4 17. Ba5 Qd6 18. h3 g5 19. Rab1 cxd4 20.
Rb6 Qa3 21. Qxa3 Bxa3 22. exd4 Nd7 23. Rxa6 Ke7 24. Rb1 Rxa6 25. Bxa6 Ra8
26. Bb7 Rxa5 27. Bxe4 f5 28. Bd3 Bd6 29. Bc4 Ra4 30. Bb3 Ra5 31. Nc3 g6 32.
Rd1 Bb4 33. Rd3 Nf6 34. Re3 Bxc3 35. Rxc3 Kd6 36. Re3 Nd5 37. Rg3 Rb5 38.
Bxd5 Rxd5 39. Rxg5 Rxd4 40. Rxg6 Ra4 41. Rg7 Rxa2 42. g3 e5 43. Rf7 Ke6 44.
Rf8 e4 45. Kg2 Ra5 46. g4 fxg4 47. hxg4 Ra3 48. Re8+ Kd5 49. Kf1 Kd4 50.
Re7 Rb3 51. g5 Rb6 52. Kg2 Rb5 53. Kg3 Rxg5+ 54. Kf4 Rh5 55. Rxe4+ Kd5 56.
Re8 Kd6 57. Kg4 Rh7 58. f4 Kd7 59. Re4 Rh8 60. Kg5 Rg8+ 61. Kf6 Rg4 62.
Re7+ Kd8 63. f5 Rf4 64. Re1 Kd7 65. Kg6 Rg4+ 66. Kf7 1-0

[Event "Russia Cup GP 6"]
[Site "Krasnodar RUS"]
[Date "1997.03.17"]
[Round "07"]
[White "Zakharov,A"]
[Black "Volkov,S"]
[Result "1/2-1/2"]
[WhiteElo "2375"]
[BlackElo "2480"]

1. d4 d5 2. c4 c6 3. Nf3 Nf6 4. Nc3 dxc4 5. Ne5 e6 6. Bf4 a6 7. Nxc4 b5 8.
Ne5 Bb7 9. e3 c5 10. dxc5 Qxd1+ 11. Rxd1 Bxc5 12. Be2 Nbd7 13. Nxd7 Nxd7
14. O-O Nb6 15. a3 Rc8 16. Bd6 Nd7 17. Bf3 Bxf3 18. gxf3 Rc6 19. Ne4 Bxd6
20. Nxd6+ Ke7 21. Nxf7 Rhc8 22. Rd2 Rc2 23. Rfd1 Rxd2 24. Rxd2 Rf8 25. Ng5
h6 26. Ne4 Ne5 27. Rc2 Nxf3+ 28. Kf1 Rd8 29. Ke2 1/2-1/2

[Event "Russia Cup GP 6"]
[Site "Krasnodar RUS"]
[Date "1997.03.18"]
[Round "08"]
[White "Dolmatov,S"]
[Black "Tregubov,P"]
[Result "1/2-1/2"]
[WhiteElo "2560"]
[BlackElo "2525"]

1. e4 c5 2. Nf3 e6 3. c3 d5 4. exd5 exd5 5. d4 Nf6 6. Bg5 Nbd7 7. Be2 Be7
8. O-O O-O 9. Nbd2 a6 10. Re1 Re8 11. Bf1 cxd4 12. Nxd4 Nc5 13. Qc2 Bd7 14.
g3 h6 15. Bf4 Rc8 16. Bg2 b5 17. a3 a5 18. Nf1 1/2-1/2

[Event "Russia Cup GP 6"]
[Site "Krasnodar RUS"]
[Date "1997.03.18"]
[Round "08"]
[White "Galkin,A"]
[Black "Sherbakov,R"]
[Result "1/2-1/2"]
[WhiteElo "2510"]
[BlackElo "2580"]

1. e4 c5 2. Nf3 Nc6 3. d4 cxd4 4. Nxd4 Nf6 5. Nc3 d6 6. Be2 e5 7. Nf3 h6 8.
O-O Be7 9. Re1 O-O 10. h3 a6 11. Bf1 Qc7 12. Nh2 Bd8 13. Be3 Be6 14. Nd5
Bxd5 15. exd5 Ne7 16. c4 Qc8 17. b4 a5 18. a3 Nf5 19. Bd2 axb4 20. Bxb4 Qb8
21. Rb1 Bb6 22. Ng4 Nxg4 23. Qxg4 Nd4 24. Rxe5 dxe5 25. Bxf8 Kxf8 26. Rxb6
Qc7 27. Rb1 b6 28. Qg3 Qd6 29. Qd3 g6 30. Qd2 Rxa3 31. Qxh6+ Kg8 32. Qh4
Kg7 33. Qe4 f5 34. Qh4 e4 35. Rd1 Nb3 36. g4 Nc5 37. gxf5 gxf5 38. Be2 Qf6
39. Qxf6+ Kxf6 1/2-1/2

[Event "Russia Cup GP 6"]
[Site "Krasnodar RUS"]
[Date "1997.03.18"]
[Round "08"]
[White "Kobalija,M"]
[Black "Vaulin,A"]
[Result "0-1"]
[WhiteElo "2545"]
[BlackElo "2490"]

1. e4 c5 2. Nf3 d6 3. d4 cxd4 4. Nxd4 Nf6 5. Nc3 a6 6. Bc4 e6 7. Bb3 b5 8.
O-O Be7 9. Qf3 Qc7 10. Qg3 O-O 11. Bh6 Ne8 12. Kh1 Bd7 13. f4 Nc6 14. Nf3
Na5 15. e5 Bc6 16. f5 dxe5 17. Nxe5 Nxb3 18. cxb3 exf5 19. Rxf5 Bb7 20. Bf4
Nd6 21. Rh5 Rad8 22. a3 a5 23. b4 axb4 24. axb4 Ne4 25. Nxe4 Bxe4 26. Ng6
Qd7 27. Nxe7+ Qxe7 28. Rxb5 f6 29. Rc5 Rd7 30. Qf2 Rfd8 31. h3 g5 32. Qg3
Rd3 33. Qg4 h5 34. Qxh5 gxf4 35. Qg4+ Qg7 36. Qxg7+ Kxg7 37. Rf1 Rxh3+ 38.
Kg1 Rh4 39. Re1 0-1

[Event "Russia Cup GP 6"]
[Site "Krasnodar RUS"]
[Date "1997.03.18"]
[Round "08"]
[White "Koniushkov,I"]
[Black "Ulibin,M"]
[Result "0-1"]
[WhiteElo "2405"]
[BlackElo "2555"]

1. d4 e6 2. Nf3 Nf6 3. g3 c5 4. Bg2 cxd4 5. Nxd4 d5 6. O-O e5 7. Nb3 Be6 8.
Nc3 Be7 9. f4 exf4 10. gxf4 g6 11. Nd4 Bc5 12. Na4 Bxd4+ 13. Qxd4 Nc6 14.
Qc3 d4 15. Qa3 Bd5 16. e4 Nxe4 17. c4 dxc3 18. bxc3 f5 19. Rd1 Qh4 20. Be3
Qe7 21. Bc5 Nxc5 22. Bxd5 Qe3+ 23. Kg2 Qe2+ 24. Kg1 Qe3+ 25. Kg2 Qe2+ 26.
Kg1 Ne4 27. Bxe4 Qe3+ 28. Kg2 Qe2+ 29. Kg1 Qe3+ 30. Kg2 Qxe4+ 31. Kg1 Qe3+
32. Kg2 Qe4+ 33. Kg1 Qe3+ 34. Kg2 Qe4+ 35. Kg1 Qe3+ 36. Kg2 Qe2+ 37. Kg1
Qg4+ 38. Kh1 Qf3+ 39. Kg1 Qg4+ 40. Kh1 Qf3+ 41. Kg1 Rd8 42. Rxd8+ Kxd8 43.
Qd6+ Kc8 44. Qe6+ Kb8 45. Qd6+ Ka8 46. Re1 Rd8 47. Qc7 Rd1 48. Qc8+ Nb8 49.
Qe8 Rd2 0-1

[Event "Russia Cup GP 6"]
[Site "Krasnodar RUS"]
[Date "1997.03.18"]
[Round "08"]
[White "Landa,K"]
[Black "Prokopchuk,E"]
[Result "1/2-1/2"]
[WhiteElo "2570"]
[BlackElo "2440"]

1. e4 d5 2. exd5 Nf6 3. Bb5+ Bd7 4. Be2 Nxd5 5. d4 Bf5 6. Nf3 e6 7. O-O Be7
8. c4 Nb4 9. Na3 O-O 10. Be3 Nd7 11. Qd2 Nf6 12. Rfd1 Ne4 13. Qe1 c6 14.
Ne5 a5 15. g4 Bg6 16. Bf3 Nf6 17. Bg2 Nd7 18. Nxg6 hxg6 19. Qe2 Qc7 20. Nb1
Bd6 21. a3 Bxh2+ 22. Kf1 Na6 23. Nc3 Bf4 24. Bf3 Rae8 25. Kg2 f5 26. Rh1
Nf6 27. Rh3 Bxe3 28. fxe3 e5 29. gxf5 gxf5 30. Bh5 exd4 31. Rah1 Nxh5 32.
Qxh5 Re6 33. Rg3 Qe5 34. Rg5 Qxe3 35. Qh8+ Kf7 36. Rxf5+ Rf6 37. Rxf6+ gxf6
38. Rh7+ Ke6 39. Qxf8 Qd2+ 40. Kg1 Qc1+ 41. Kf2 Qe3+ 42. Kg2 Qg5+ 43. Kh2
Qd2+ 44. Kg1 Qc1+ 45. Kf2 Qc2+ 46. Ne2 Qf5+ 47. Kg3 Qxh7 48. Nxd4+ Kd7 49.
Qxf6 Qg8+ 50. Kf4 Qxc4 51. Qf5+ Kc7 52. Qxa5+ Kb8 53. Ke3 Qc1+ 54. Qd2 Qc5
55. Kd3 Qd5 56. Kc2 Nc5 57. Qf4+ Ka7 58. Qe3 Qc4+ 1/2-1/2

[Event "Russia Cup GP 6"]
[Site "Krasnodar RUS"]
[Date "1997.03.18"]
[Round "08"]
[White "Minasian,Ara"]
[Black "Zakharov,A"]
[Result "1/2-1/2"]
[WhiteElo "2440"]
[BlackElo "2375"]

1. e4 c5 2. Nf3 d6 3. d4 cxd4 4. Nxd4 Nf6 5. Nc3 Nc6 6. Bg5 a6 7. Qd2 Nxd4
8. Qxd4 Qa5 9. f4 e5 10. Qd2 Be7 11. f5 b5 12. Bxf6 Bxf6 13. Qd5 Ra7 14.
Qc6+ Ke7 15. O-O-O Rd8 16. Qd5 Rc7 17. Qb3 Bb7 18. Bd3 b4 19. Nd5+ Bxd5 20.
exd5 Rc5 21. Rhe1 Rxd5 22. Bc4 Rxd1+ 23. Rxd1 e4 24. Bd5 Kf8 25. Qe3 Qc5
26. Qxe4 Re8 27. Qc4 Qe3+ 28. Kb1 Qe5 29. Qxb4 a5 30. Qb7 Re7 31. Qb8+ Re8
32. Qb7 Re7 33. Qb8+ Re8 34. Qb7 1/2-1/2

[Event "Russia Cup GP 6"]
[Site "Krasnodar RUS"]
[Date "1997.03.18"]
[Round "08"]
[White "Petrushin,A"]
[Black "Shariyazdanov,A"]
[Result "1-0"]
[WhiteElo "2415"]
[BlackElo "2525"]

1. e4 c5 2. Nc3 Nc6 3. d3 g6 4. g3 Bg7 5. Bg2 e6 6. Nh3 Nge7 7. O-O O-O 8.
Be3 d6 9. Qd2 Nd4 10. Bh6 Bxh6 11. Qxh6 f6 12. Qd2 e5 13. f4 Bg4 14. Nf2
Be6 15. Nd5 Qd7 16. c3 Ndc6 17. Nd1 Kg7 18. N1e3 Bg8 19. Rf2 Nxd5 20. exd5
Ne7 21. Raf1 b5 22. h4 f5 23. c4 b4 24. b3 Rae8 25. Qb2 Nc8 26. g4 Qe7 27.
gxf5 gxf5 28. fxe5 Qxe5 29. Qxe5+ Rxe5 30. Nxf5+ Kh8 31. Bh3 Rf6 32. Kh2 a5
33. Ng3 Rxf2+ 34. Rxf2 Ne7 35. Ne4 Ng6 36. Kg3 Kg7 37. Nxd6 Re3+ 38. Rf3
Re2 39. Nf5+ Kh8 40. Rf2 Re1 41. d4 cxd4 42. Nxd4 Rd1 43. Nc6 Rd3+ 44. Rf3
1-0

[Event "Russia Cup GP 6"]
[Site "Krasnodar RUS"]
[Date "1997.03.18"]
[Round "08"]
[White "Popov,Ro"]
[Black "Tseshkovsky,V"]
[Result "1/2-1/2"]
[WhiteElo "2365"]
[BlackElo "2510"]

1. e4 c5 2. Nf3 d6 3. d4 cxd4 4. Nxd4 Nf6 5. f3 e5 6. Nb3 d5 7. Bg5 Be6 8.
Bxf6 gxf6 9. exd5 Qxd5 10. Qxd5 Bxd5 11. Nc3 Be6 12. O-O-O Nd7 13. Nb5 Ke7
14. Nc7 Bh6+ 15. Kb1 Rad8 16. Nd5+ Bxd5 17. Rxd5 Nc5 18. Bc4 Rxd5 19. Bxd5
Rd8 20. c4 Nxb3 21. axb3 f5 22. Re1 f6 23. Kc2 a5 24. Kd3 b6 25. Ra1 Bf8
26. b4 axb4 27. Ra6 Rd6 28. b3 h6 29. h4 b5 30. Ra7+ Rd7 31. Rxd7+ Kxd7 32.
cxb5 Bc5 33. h5 Kc7 34. Be6 f4 35. Kc4 Kb6 36. Bf5 Bf2 37. Kxb4 1/2-1/2

[Event "Russia Cup GP 6"]
[Site "Krasnodar RUS"]
[Date "1997.03.19"]
[Round "09"]
[White "Asrian,K"]
[Black "Malaniuk,V"]
[Result "1/2-1/2"]
[WhiteElo "2440"]
[BlackElo "2610"]

1. e4 e5 2. Nf3 Nc6 3. Bb5 a6 4. Ba4 Nf6 5. O-O Be7 6. Re1 d6 7. c3 Bg4 8.
d3 Nd7 9. Nbd2 Nc5 10. Bc2 Ne6 11. Nf1 Ng5 12. Bxg5 Bxg5 13. h3 Bh5 14. Ng3
Bxf3 15. Qxf3 g6 16. Rad1 Qf6 17. Qxf6 Bxf6 18. Ne2 1/2-1/2

[Event "Russia Cup GP 6"]
[Site "Krasnodar RUS"]
[Date "1997.03.19"]
[Round "09"]
[White "Kovalevskaya,E"]
[Black "Beshukov,S"]
[Result "0-1"]
[WhiteElo "2350"]
[BlackElo "2435"]

1. e4 c5 2. Nf3 e6 3. b3 b6 4. Bb2 Bb7 5. d3 d6 6. g3 Nf6 7. Bg2 Be7 8. O-O
O-O 9. c4 Nbd7 10. Qe2 Qc7 11. Nc3 Rac8 12. Rad1 Qb8 13. Ne1 a6 14. f4 Bc6
15. Nf3 b5 16. Rfe1 Bd8 17. e5 Ne8 18. Ne4 d5 19. cxd5 Bxd5 20. Rc1 Be7 21.
Kh1 c4 22. Nc3 Bxf3 23. Bxf3 b4 24. Ne4 c3 25. Ba1 Nc7 26. d4 Rfd8 27. Bxc3
bxc3 28. Nxc3 Ba3 29. Rc2 Nb5 30. Nxb5 Qxb5 31. Rxc8 Rxc8 32. d5 exd5 33.
Qxb5 axb5 34. Bxd5 Nb6 35. Be4 Rc1 36. Rxc1 Bxc1 37. Kg2 b4 38. Bc6 Be3 39.
Kf3 Bc5 40. Ke4 Kf8 41. h3 Ke7 42. g4 f6 43. exf6+ Kxf6 44. h4 g6 45. Kf3
Nc8 46. g5+ Ke6 47. h5 Ne7 48. Be4 Nf5 49. h6 Nd6 50. Bc6 Bd4 51. Kg4 Bb2
52. Bf3 Bc1 53. Be2 Kd5 54. Bd3 Kd4 55. Bxg6 hxg6 56. h7 Nf7 57. f5 gxf5+
58. Kxf5 Kd5 59. g6 Nd6+ 60. Kf6 Bb2+ 61. Ke7 Bg7 62. Kd7 Nf5 63. Kc7 Ne7
64. Kb6 Nxg6 65. Kb5 Bf8 0-1

[Event "Russia Cup GP 6"]
[Site "Krasnodar RUS"]
[Date "1997.03.19"]
[Round "09"]
[White "Morozevich,A"]
[Black "Dolmatov,S"]
[Result "0-1"]
[WhiteElo "2595"]
[BlackElo "2560"]

1. e4 e6 2. Qe2 c5 3. g3 Nc6 4. c3 g6 5. Bg2 Bg7 6. f4 Nge7 7. Nf3 d6 8.
O-O O-O 9. d3 b5 10. Be3 b4 11. Rc1 bxc3 12. bxc3 Ba6 13. Nbd2 Rb8 14. Bf1
Qd7 15. Nb3 e5 16. f5 gxf5 17. Bh3 Qe8 18. exf5 e4 19. Ng5 Nd5 20. Nxe4
Qxe4 21. dxe4 Bxe2 22. exd5 Ne5 23. Bg2 Rfe8 24. Bf4 Rb6 25. Bg5 h6 26. Bh4
Nd7 27. h3 h5 28. Bf1 Bxf1 29. Kxf1 Re5 30. Bd8 Rxf5+ 31. Kg2 Rb7 32. Rc2
Ne5 33. Na5 Rd7 0-1

[Event "Russia Cup GP 6"]
[Site "Krasnodar RUS"]
[Date "1997.03.19"]
[Round "09"]
[White "Petrushin,A"]
[Black "Landa,K"]
[Result "0-1"]
[WhiteElo "2415"]
[BlackElo "2570"]

1. e4 c5 2. Nf3 e6 3. d4 cxd4 4. Nxd4 a6 5. Bd3 g6 6. O-O Bg7 7. Nb3 Nc6 8.
c4 Nge7 9. Nc3 d5 10. exd5 exd5 11. cxd5 Nxd5 12. Re1+ Nde7 13. Bg5 O-O 14.
Be4 h6 15. Bf4 Bf5 16. Qf3 Bxe4 17. Rxe4 b6 18. Rd1 Qc8 19. Bd6 Ra7 20.
Rde1 Qd8 21. Ba3 a5 22. Qe2 Bf6 23. Qb5 Kg7 24. Na4 Rb7 25. Bc5 Qc8 26.
Bxb6 Rd8 27. Qe2 Rd5 28. Bc5 Qb8 29. Bxe7 Nxe7 30. Nac5 Ra7 31. Qc4 Rh5 32.
g3 Nf5 33. Re8 Qc7 34. Rc8 Qxc8 35. Ne6+ Qxe6 36. Rxe6 fxe6 37. Qxe6 Ne7
38. Qe3 Rc7 39. Nd2 Re5 40. Qb6 Rc2 41. Qb7 Re2 0-1

[Event "Russia Cup GP 6"]
[Site "Krasnodar RUS"]
[Date "1997.03.19"]
[Round "09"]
[White "Poluljahov,A"]
[Black "Kobylkin,E"]
[Result "0-1"]
[WhiteElo "2510"]
[BlackElo "2385"]

1. d4 Nf6 2. c4 g6 3. Nc3 Bg7 4. e4 d6 5. Bd3 O-O 6. Nge2 Nc6 7. O-O Nd7 8.
Be3 e5 9. d5 Nd4 10. Rc1 c5 11. dxc6 bxc6 12. b4 c5 13. bxc5 dxc5 14. Nd5
f5 15. exf5 gxf5 16. f3 Nf6 17. Ng3 Kh8 18. Bg5 Qd6 19. Ne3 Ng8 20. Nd5 Be6
21. Nc3 Nf6 22. Rf2 h6 23. Bh4 Rad8 24. Rd2 e4 25. fxe4 f4 26. e5 Qxe5 27.
Bxf6 Bxf6 28. Nge4 f3 29. g3 Bg5 30. Nxg5 Qe3+ 31. Kh1 hxg5 32. Qe1 Qxe1+
33. Rxe1 f2 34. Rf1 Nf3 35. Rdd1 Rxd3 0-1

[Event "Russia Cup GP 6"]
[Site "Krasnodar RUS"]
[Date "1997.03.19"]
[Round "09"]
[White "Shariyazdanov,A"]
[Black "Minasian,Ara"]
[Result "1/2-1/2"]
[WhiteElo "2525"]
[BlackElo "2440"]

1. d4 d5 2. c4 c6 3. Nc3 Nf6 4. e3 g6 5. Nf3 Bg7 6. Bd3 O-O 7. O-O Bg4 8.
h3 Bxf3 9. Qxf3 e6 10. Rd1 Nbd7 11. b3 Re8 12. Bb2 a6 13. Qe2 Qc7 14. Rac1
Rad8 15. Qc2 Qb8 16. b4 e5 17. cxd5 exd4 18. exd4 cxd5 19. Qb3 Nf8 20. Bf1
Ne6 21. g3 h5 22. h4 Ng4 23. Ne2 g5 24. hxg5 Nxg5 25. Rc3 h4 26. Bc1 Ne4
27. Rf3 hxg3 28. fxg3 Qc7 29. Nf4 Qb6 30. Nxd5 Qg6 31. Bh3 Ngf2 32. Rxf2
Nxf2 33. Kxf2 Rxd5 34. Qxd5 Qc2+ 35. Rd2 Qxc1 36. Re2 Rxe2+ 37. Kxe2 Qb2+
38. Kd3 1/2-1/2

[Event "Russia Cup GP 6"]
[Site "Krasnodar RUS"]
[Date "1997.03.19"]
[Round "09"]
[White "Tsamriuk,A"]
[Black "Burmakin,V"]
[Result "0-1"]
[WhiteElo "2375"]
[BlackElo "2530"]

1. d4 d5 2. Nf3 c6 3. c4 e6 4. Qb3 Nf6 5. g3 Nbd7 6. Bg2 Bd6 7. O-O O-O 8.
Nc3 dxc4 9. Qxc4 e5 10. Rd1 Qe7 11. a4 e4 12. Ng5 Nb6 13. Qb3 Bf5 14. Qc2
Rfe8 15. f3 exf3 16. Qxf5 fxg2 17. Nce4 Nbd7 18. Nxf6+ Nxf6 19. e4 h6 20.
e5 hxg5 21. Bxg5 Bxe5 22. Qxe5 Qd7 23. Qf4 Ne4 24. Qh4 Qd5 25. Bc1 Nf6 26.
Ra3 Re2 0-1

[Event "Russia Cup GP 6"]
[Site "Krasnodar RUS"]
[Date "1997.03.19"]
[Round "09"]
[White "Tseshkovsky,V"]
[Black "Daniliuk,S"]
[Result "1-0"]
[WhiteElo "2510"]
[BlackElo "2410"]

1. e4 e5 2. Nf3 Nc6 3. Bb5 a6 4. Ba4 Nf6 5. d3 b5 6. Bb3 Be7 7. O-O d6 8.
c3 O-O 9. Re1 Na5 10. Bc2 c5 11. Nbd2 Re8 12. Nf1 h6 13. Ng3 Bf8 14. a4 b4
15. cxb4 cxb4 16. d4 exd4 17. Nxd4 Bb7 18. Ndf5 d5 19. e5 Ne4 20. Qg4 Kh8
21. Nxg7 Bxg7 22. Nf5 Rg8 23. Qh5 Qb6 24. Rxe4 dxe4 25. Nd6 Rgd8 26. Bxh6
Rxd6 27. exd6 Qc6 28. Rc1 Qd5 29. Qh4 Bxh6 30. Qxh6+ Kg8 31. Rd1 Qc6 32. d7
Rd8 33. Qh4 Qc7 34. Bxe4 Bxe4 35. Qxe4 Nc6 36. h3 Kf8 37. Qh7 Rxd7 38. Re1
Ne7 39. Qh6+ Kg8 40. Qxa6 Kg7 41. Qb5 Rd4 42. a5 Ng6 43. a6 Rd6 44. h4 Nxh4
45. Qe5+ Kh7 46. a7 Nf3+ 47. gxf3 Rg6+ 48. Kf1 Qxa7 49. Re4 Qa1+ 50. Ke2
Re6 51. Qd4 b3 52. Rxe6 fxe6 53. Qd7+ Kh8 54. Qc8+ Kg7 55. Qb7+ Kf6 56.
Qxb3 Qa6+ 57. Qd3 Qb6 58. Qc3+ Kf7 59. b4 Qb5+ 60. Ke3 Qd5 61. Qc7+ Kf6 62.
Qc5 Qb3+ 63. Kf4 Qb2 64. Qf8+ Kg6 65. Qg8+ Kh6 66. Qxe6+ Kh7 67. Qd7+ Kh6
68. Qd6+ Kh7 69. Qc5 1-0

[Event "Russia Cup GP 6"]
[Site "Krasnodar RUS"]
[Date "1997.03.19"]
[Round "09"]
[White "Yakovich,Y"]
[Black "Aleksandrov,A"]
[Result "1/2-1/2"]
[WhiteElo "2575"]
[BlackElo "2615"]

1. d4 d5 2. c4 e6 3. Nc3 Bb4 4. e3 c5 5. Nf3 Nf6 6. Bd3 O-O 7. O-O Nc6 8.
a3 Bxc3 9. bxc3 dxc4 10. Bxc4 Qc7 11. Ba2 b6 12. Re1 e5 13. d5 e4 14. dxc6
exf3 15. Qxf3 Be6 16. c4 Ng4 17. Qf4 Qe5 18. Rb1 Rac8 19. Bb2 Qxf4 20. exf4
h5 21. Rbc1 Rxc6 22. Bb1 f5 23. Bd3 Rd6 24. Be2 g6 25. h3 Nf6 26. Red1 Ne4
27. f3 Rxd1+ 28. Rxd1 Nf6 29. Kf2 Kf7 30. h4 Nd7 31. Ke3 Re8 32. Be5 Nb8
33. Rd6 Rc8 34. Kd3 Nc6 35. Kc3 Na5 36. Rd1 Ke7 37. Bf1 Nb7 38. Be2 Rd8 39.
Rg1 Na5 40. Rc1 Nc6 41. g3 Nxe5 42. fxe5 f4 43. g4 hxg4 44. fxg4 Rd4 45. h5
gxh5 46. gxh5 f3 47. Bxf3 Rxc4+ 48. Kd2 Rxc1 49. Kxc1 Kf7 50. Kd2 b5 51.
Be2 b4 52. axb4 cxb4 53. Bd1 Kg7 54. Kd3 Kh6 1/2-1/2